LEADER 01206nam a2200241 i 4500 001 000000070143 003 CaOOAMICUS 005 20080808000000.0 008 080808s1909 it u000 u ita u 013 $a41315 040 $aSeMil$bita 100 1 $aMorselli, Emilio <1869-1939>.$0(OLS)http://semarc/name/33993 245 10$aPsicologia moderna :$bcon una raccolta di voci più comuni nel linguaggio psicologico /$cEmilio Morselli. 250 $a2. ed. riveduta. 260 $aLivorno :$bR. Giusti,$c1909. 300 $aVI, 235 p. ;$c20 cm. 490 0 $aBiblioteca degli studenti : riassunti per tutte le materie d'esame nei Licei, Ginnasi, Istituti Tecnici ecc ;$v. 650 4$aPsicologia.$0(OLS)http://semarc/subject/1671 830 0$aBiblioteca degli studenti : riassunti per tutte le materie d'esame nei Licei, Ginnasi, Istituti Tecnici ecc ;$v.$0(OLS)http://semarc/title/112517 850 $aSeMil 852 $aSeMil$W1$xVenegono$y1$m2P II 56$j36296$B36296$CSeMilBibl$Z2$F36299 $81 996 $6245$aPsicologia moderna :$bcon una raccolta di voci più comuni nel linguaggio psicologico$9(OLS)http://semarc/title/112516 996 $6260$aLivorno :$bR. Giusti$9(OLS)http://semarc/publisher/42882 LEADER 01076nam a2200169 i 4500 001 000000215133 003 CaOOAMICUS 005 20120814000000.0 008 120814s1861 it u000 u lat u 013 $a194005 040 $aSeMil$bita 245 10$aPosteriorem partem, Metaphysicarum disputationum :$bin quibus et universa naturalis theologia ordinate traditur et quaestiones ad duodecim Aristotelis libros pertinentes disputantur. 300 $a1094 p. 773 0 $aSuarez, Francisco, $tFrancisci Suarez e Societate Jesu Opera omnia.$bEditio nova a D. M. André, ... [poi] a Carolo Berton iuxta editionem venetianam 23 tomos in F. continentem, accurate recognita.$dParisiis : apud Ludovicum Vivès, 1856-1878.$g26$w()27223 850 $aSeMil 852 $aSeMil$W1$xVenegono$y1$m1ZF IV 43 FA$j165554$B165554$CSeMilBibl$Z2$F176530 $8I 996 $6245$aPosteriorem partem, Metaphysicarum disputationum :$bin quibus et universa naturalis theologia ordinate traditur et quaestiones ad duodecim Aristotelis libros pertinentes disputantur$9(OLS)http://semarc/title/309850